LEADER 01813cam0-22005891i-450 001 990000903330403321 005 20230526145503.0 010 $a88-7075-574-6 035 $a000090333 035 $aFED01000090333 035 $a(Aleph)000090333FED01 035 $a000090333 100 $a20030113d2001----km-y0itay50------ba 101 0 $aita 102 $aIT 105 $ay-------001yy 200 1 $aGuida agli esami per bibliotecari e assistenti di biblioteca$eelementi di paleografia, storia del libro, biblioteconomia e bibliografia generale$etest e quesiti a risposta breve$fPaola Ferro, Anna Rita Zanobi 210 $aMilano$cEditrice Bibliografica$d2001 215 $a215 p.$d19 cm 225 1 $aConcorsi per bibliotecari$v4 610 0 $aBibliotecari$aProfessione 610 0 $aBiblioteconomia 610 0 $aBiblioteconomia$aManuali per concorsi 610 0 $aBibliografia$aManuali per concorsi 676 $a020.76$v21$zita 676 $a042.001 676 $a020$v21$zita 700 1$aFerro,$bPaola$08970 701 1$aZanobi,$bAnnarita$04885 801 0$aIT$bUNINA$gRICA$2UNIMARC 901 $aBK 912 $a990000903330403321 952 $a020 FER 1$b8131$fBFS 952 $aXXX Cod. 987$b42509$fFSPBC 952 $aCOORDGIU 7$b7$fCGB 952 $a13 U 01 51$b12837$fFINBC 952 $a80 XXVI 102$b9817$fFFABC 952 $a042.001.FER.01$b6125$fDECGE 952 $a90 ufficio 1$b2758$fFMEBC 952 $aBIBL B 410$b15079$fFARBC 952 $a025.1-FER-1$b337/2023$fSC1 959 $aSC1 959 $aFINBC 959 $aFFABC 959 $aFSPBC 959 $aDECGE 959 $aCGB 959 $aFMEBC 959 $aBFS 959 $aFARBC 996 $aGuida agli esami per bibliotecari e assistenti di biblioteca$9357627 997 $aUNINA LEADER 01145nam0 22002891i 450 001 UON00230455 005 20231205103459.112 100 $a20030730d1978 |0itac50 ba 101 $aita 102 $aIT 105 $a|||| ||||| 200 1 $aˆIl ‰ Fedone$fPlatone$gtrad., introd. e commento a cura di Gaetano Capone Braga 210 $aFirenze$cLa Nuova Italia$d1978 215 $aXXXIII, 256 p.$d20 cm. 410 1$1001UON00176883$12001 $aPensatori antichi e moderni$1210 $aFirenze$cLa Nuova Italia$v48 620 $aIT$dFirenze$3UONL000052 676 $a184$cFILOSOFIA PLATONICA$v21 700 0$aPLATO$3UONV055694$0292329 702 1$aCAPONE BRAGA$bGaetano$3UONV139720 712 $aLa Nuova Italia$3UONV245954$4650 790 0$aPLATONE$zPLATO$3UONV055696 801 $aIT$bSOL$c20240220$gRICA 899 $aSIBA - SISTEMA BIBLIOTECARIO DI ATENEO$2UONSI 912 $aUON00230455 950 $aSIBA - SISTEMA BIBLIOTECARIO DI ATENEO$dSI FS 01737 $eSI LO 9735 5 996 $aCollection des Universités de France$913158 997 $aUNIOR